| 000 -ლიდერი |
| ფიქსირებული სიგრძის საკონტროლო ველი |
01442nam a2200241Ia 4500 |
| 001 - საკონტროლო ნომერი |
| საკონტროლო ველი |
1102 |
| 003 - საკონტროლო ნომრის იდენტიფიკატორი |
| საკონტროლო ველი |
GE_BSU |
| 005 - ბოლო ოპერაციის თარიღი და დრო |
| საკონტროლო ველი |
20220920102026.0 |
| 008 - ფიქსირებული სიგრძის მონაცემთა ელემენტები - ზოგადი ინფორმაცია |
| ფიქსირებული სიგრძის საკონტროლო ველი |
181216s2003||||ge |||||||||||||| ||geo|| |
| 010 ## - კონგრესის ბიბლიოთეკის საკონტროლო ნომერი |
| LC საკონტროლო ნომერი |
812001065 |
| 040 ## - კატალოგიზაციის წყარო |
| Transcribing agency |
GE_BSU |
| 041 ## - ენის კოდი |
| Language code of text/sound track or separate title |
geo |
| 080 ## - უნივერსალური ათობითი კლასიფიკაციის ინდექსი |
| Universal Decimal Classification number |
632.51+632.913.1 ბ–35 |
| 100 ## - მთავარი ჩანაწერი - პიროვნების სახელი |
| Personal name |
ბუაჩიძე, კარლო |
| 9 (RLIN) |
14627 |
| 245 ## - ცნობა სათაურის შესახებ |
| Title |
საკარანტინო სარეველა მცენარეები და მათთან ბრძოლის ღონისძიებები / |
| Statement of responsibility, etc |
კარლო ბუაჩიძე, ასმათ ბუაჩიძე, თენგიზ ტაბატაძე ; საქ.სახ. აგრარ. უნივ.-ტი ; [ რედ.-ბი : ზ. ლიპარტია, გ. ცაგურიშვილი ; რეცენ.-ბი : ლ. ყანჩაველი, ზ. ტყებუჩავა ]. |
| 264 ## - წარმოების, გამოცემის, დისტრიბუციის და სხვა ცნობები |
| გამოცემის, წარმოების, დისტრიბუციის... ადგილი |
თბილისი, |
| გამოცემის, წარმოების, დისტრიბუციის... თარიღი |
2003. |
| 300 ## - ფიზიკური აღწერა |
| Extent |
224 გვ.: |
| Other physical details |
15ფ. ილ.; |
| 653 ## - INDEX TERM--UNCONTROLLED |
| Uncontrolled term |
სარეველებთან ბრძოლა; სასოფლო-სამეურნეო მცენარეთა კარანტინი |
| 653 ## - INDEX TERM--UNCONTROLLED |
| Uncontrolled term |
სოფლის მეურნეობა |
| 700 ## - ADDED ENTRY--PERSONAL NAME |
| Personal name |
ბუაჩიძე, ასმათ |
| Relator term |
ავტორი |
| 9 (RLIN) |
14628 |
| 700 ## - ADDED ENTRY--PERSONAL NAME |
| Personal name |
ტაბატაძე,თენგიზ |
| Relator term |
ავტორი |
| 9 (RLIN) |
14629 |
| 942 ## - ADDED ENTRY ELEMENTS (KOHA) |
| Koha item type |
წიგნი |
| Source of classification or shelving scheme |
|